Revised Scheme & Courses Of Study For B.Tech. In Mechanical Engineering (Record no. 761)

MARC details
000 -LEADER
fixed length control field 00394nam a2200145Ia 4500
008 - FIXED-LENGTH DATA ELEMENTS--GENERAL INFORMATION
fixed length control field 221030s9999 xx 000 0 und d
041 ## - LANGUAGE CODE
Language code of text/sound track or separate title
082 ## - DEWEY DECIMAL CLASSIFICATION NUMBER
Classification number 105.23
100 ## - MAIN ENTRY--AUTHOR NAME
Personal name -
245 #0 - TITLE STATEMENT
Title Revised Scheme & Courses Of Study For B.Tech. In Mechanical Engineering
Statement of responsibility, etc by -
260 ## - PUBLICATION, DISTRIBUTION, ETC. (IMPRINT)
Name of publisher National Institute Of Technology
Place of publication Srinagar
Year of publication 2003
300 ## - PHYSICAL DESCRIPTION
Number of Pages 112
650 ## - SUBJECT ADDED ENTRY--TOPICAL TERM
Topical Term Mechanical
942 ## - ADDED ENTRY ELEMENTS (KOHA)
Koha item type Books
Holdings
Accession Number Full call number Price effective from Koha item type Withdrawn / writtenoff status Materials specified (bound volume or other part) Damaged status Not for loan Collection code Permanent Location Current Location Shelving location Date acquired Lost/ Missing status department
BE 7875 105.23 10/30/2022 Books   Print   Not For Loan   MIET Library, Jammu MIET Library, Jammu BL-Second, FL-1, CUP-70, SH-1, R-1 05/31/2006   BE